| 000 | 00448nam a2200169Ia 4500 | ||
|---|---|---|---|
| 001 | 55930 | ||
| 008 | 080101n ii |||gr||||Z||||||465 | ||
| 020 | _a81-7110-069-4 (Vol-1) | ||
| 082 | _a294.5923 | ||
| 100 |
_aDutta, _eM.N. |
||
| 245 | 0 |
_aMahabharata (Vol -1) _cTranslated By-M.N.Dutta _hTextual Documents |
|
| 260 |
_aDelhi: _bParimal Publications. |
||
| 300 |
_a465p: _c24cm. |
||
| 653 | _aReligion | ||
| 653 | _aG-Religion | ||
| 942 |
_2ddc _cBK |
||
| 999 |
_c55854 _d55854 |
||